The desert route to India being the journals of four travellers by the great desert caravan route between Alepo and Basra, 1745-1751
Saved in:
| Hovedforfatter: | |
|---|---|
| Format: | Bog |
| Sprog: | engelsk |
| Udgivet: |
Londres
The Hakluyt Society
1929
|
| Serier: | The Hakluyt Society, serie 2, vol. 63
|
| Fag: | |
| Tags: |
Tilføj Tag
Ingen Tags, Vær først til at tagge denne postø!
|
MARC
| LEADER | 00000cam a2200000 a 4500 | ||
|---|---|---|---|
| 001 | UCF5163 | ||
| 003 | CL-VaPUC | ||
| 008 | 130117e19290000UK |||||||||||||||||eng|d | ||
| 082 | 0 | 4 | |a 911.09561 |b CAR |2 21 |
| 100 | 0 | |a Carruthers, Douglas |e author |9 566924 | |
| 245 | 1 | 4 | |a The desert route to India being the journals of four travellers by the great desert caravan route between Alepo and Basra, 1745-1751 |
| 300 | |a 196 p | ||
| 942 | |c BK | ||
| 945 | |d 20130117 00:00:00 |a dcastane | ||
| 260 | |a Londres |b The Hakluyt Society |c 1929 | ||
| 650 | 0 | |a Viajes y descripciones |9 363745 | |
| 650 | 7 | |a DESIERTOS |2 CL-VaPUC |9 357427 | |
| 651 | 7 | |a TURQUIA |2 CL-VaPUC |9 343267 | |
| 651 | 7 | |a MAR MEDITERRANEO |2 CL-VaPUC |9 406306 | |
| 651 | 7 | |a GOLFO PERSICO |2 CL-VaPUC |9 261270 | |
| 583 | |a last modification |c 20130117 11:37:00 |k Rodrigo Vera | ||
| 490 | 0 | |a The Hakluyt Society, serie 2, vol. 63 | |
| 999 | |c 350762 |d 350760 | ||
| 952 | |0 0 |1 0 |4 0 |6 911_095610000000000_CAR_1929 |7 0 |8 X |9 454340 |a FDOBUD |b FDOBUD |d 2019-11-22 |i 4920457 |o 911.09561 CAR 1929 |p 4920457 |r 2019-11-22 |w 2019-11-22 |y BK_X |k BUD | ||